|
|
|
|
| LEADER |
01196nam a2200301 a 4500 |
| 001 |
2566 |
| 003 |
BD-DhAAL |
| 005 |
20151118113307.0 |
| 008 |
151118s1998 bg a d 001 0cbeno |
| 010 |
|
|
|a 98909537
|
| 020 |
|
|
|a 9848236007
|
| 040 |
|
|
|a DLC
|c DLC
|d BD-DhAAL
|
| 050 |
0 |
0 |
|a CT1519.2
|b .J36 1998
|
| 082 |
|
|
|a 920.72/095492
|
| 100 |
1 |
|
|a জামান, সাঈদা
|d 1957-
|9 16328
|
| 245 |
1 |
0 |
|a বাংলাদেশের নারী চরিতাভিধান /
|c সাঈদা জামান.
|
| 250 |
|
|
|a 1st ed.
|
| 260 |
|
|
|a ঢাকা :
|b বাংলাদেশ লেখক সংসদ,
|c ১৯৯৮.
|
| 300 |
|
|
|a viii, ২৯২ পৃ. :
|b চিত্র ;
|c ২৩ সে.মি.
|
| 500 |
|
|
|a Includes index.
|
| 520 |
|
|
|a Biographical dictionary of women of Bangladesh.
|
| 541 |
|
|
|e 2566
|
| 546 |
|
|
|a In Bengali.
|
| 650 |
|
0 |
|a Women
|z Bangladesh
|x Biography
|x Dictionaries.
|9 16329
|
| 651 |
|
0 |
|a Bangladesh
|x Biography
|x Dictionaries.
|9 16330
|
| 942 |
|
|
|2 ddc
|c BK
|
| 999 |
|
|
|c 36212
|d 36212
|
| 952 |
|
|
|0 0
|1 0
|2 ddc
|4 0
|6 920_720000000000000_095492_ZAM
|7 0
|9 56946
|a SCL
|b SCL
|c GEN
|d 2015-11-18
|g 500.00
|l 0
|o 920.72095492 ZAM
|p 3020002566
|r 2015-11-18
|t 1
|w 2015-11-18
|y BK
|